Normal view MARC view
  • Ivamy, E. R. Hardy

Entry Personal Name

Number of records used in: 1

001 - CONTROL NUMBER

  • control field: 353

003 - CONTROL NUMBER IDENTIFIER

  • control field: OSt

005 - DATE AND TIME OF LATEST TRANSACTION

  • control field: 20170420121057.0

008 - FIXED-LENGTH DATA ELEMENTS

  • fixed length control field: 170420|| aca||aabn | a|a d

040 ## - CATALOGING SOURCE

  • Original cataloging agency: OSt
  • Transcribing agency: OSt

100 ## - HEADING--PERSONAL NAME

  • Personal name: Ivamy, E. R. Hardy
  • Fuller form of name: (Edward Richard Hardy)

670 ## - SOURCE DATA FOUND

  • Source citation: Work cat.: (OSt): Mozley, Herbert Newman, 1838- 350, Mozley and Whiteley's law dictionary., 1988.
Pusat Sumber Maklumat Dato' Haji Sarmin Md Hussin, Akademi Kastam Diraja Malaysia, Melaka
Tel: 06-2331106 | Faks: 06-2313787